2024 annual statistical report: New Series Volume 6 (Record no. 25236)
[ view plain ]
| 000 -LEADER | |
|---|---|
| fixed length control field | 00793nam a22001817a 4500 |
| 003 - CONTROL NUMBER IDENTIFIER | |
| control field | AUA.1 |
| 005 - DATE AND TIME OF LATEST TRANSACTION | |
| control field | 20251027080455.0 |
| 008 - FIXED-LENGTH DATA ELEMENTS--GENERAL INFORMATION | |
| fixed length control field | 251027b xxu||||| |||| 00| 0 eng d |
| 040 ## - CATALOGING SOURCE | |
| Transcribing agency | EGWEBO |
| 050 ## - LIBRARY OF CONGRESS CALL NUMBER | |
| Classification number | BX6131 |
| Item number | .A56 2024 |
| 110 ## - MAIN ENTRY--CORPORATE NAME | |
| Corporate name or jurisdiction name as entry element | Seventh-day Adventist Church- Office of Archives, Statistics, and Research |
| 245 ## - TITLE STATEMENT | |
| Title | 2024 annual statistical report: New Series Volume 6 |
| Remainder of title | Report of the General Conference of Seventh-day Adventists for 2023 |
| 260 ## - PUBLICATION, DISTRIBUTION, ETC. (IMPRINT) | |
| Place of publication, distribution, etc | Silver Spring, MD |
| Name of publisher, distributor, etc | Seventh-day Adventist Church - Office of Archives, Statistics, and Research |
| Date of publication, distribution, etc | 2024 |
| 300 ## - PHYSICAL DESCRIPTION | |
| Extent | 119p. |
| Other physical details | col ill. |
| Dimensions | 30cm |
| 500 ## - GENERAL NOTE | |
| General note | Statistics of the Seventh-day Adventist Church for 2021 |
| 650 ## - SUBJECT ADDED ENTRY--TOPICAL TERM | |
| Topical term or geographic name as entry element | Seventh-day Adventists |
| Form subdivision | Statistics |
| Chronological subdivision | 2015-2016 |
| 942 ## - ADDED ENTRY ELEMENTS (KOHA) | |
| Source of classification or shelving scheme | Library of Congress Classification |
| Koha item type | Periodical |
| Classification part | BX6131 |
| Item part | .A56 2024 |
| Withdrawn status | Lost status | Source of classification or shelving scheme | Damaged status | Not for loan | Collection code | Home library | Current library | Shelving location | Date acquired | Serial Enumeration / chronology | Total Checkouts | Full call number | Date last seen | Price effective from | Koha item type |
|---|---|---|---|---|---|---|---|---|---|---|---|---|---|---|---|
| Library of Congress Classification | Books | Judith Thomas Library | Judith Thomas Library | EGW Estate Branch Office | 27/10/2025 | 1332 | BX6131 .A56 2024 | 27/10/2025 | 27/10/2025 | Periodical |